000 00590nam a2200169Ia 4500
005 20260603120909.0
008 260603s9999||||xx |||||||||||||| ||und||
020 _a9848233172
020 _qhb
082 _a891.44
_bDUT
100 _aদত্ত, হেমঙ্গিনী = Dutta, Hemangini
245 0 _aহারানো গ্রাম = Harano gram [in Bengali]
260 _aঢাকা, বাংলাদেশ = Dhaka, Bangladesh
_bগণপ্রকাশনী = Gonoprakashani
_c2001
300 _a107p. ; 22cm.
653 _aBengali Language--Literature
942 _cBK
999 _c57092
_d57092